| 000 | 01899nam a2200409 c 4500 | ||
|---|---|---|---|
| 003 | BLK | ||
| 005 | 20180504153338.0 | ||
| 008 | 180410b bul|||||r ||||||| ||bul|| | ||
| 010 | _aKNG00152309000 | ||
| 020 |
_a978-954-27-0691-5 _bиздат.: Егмонт България |
||
| 040 | _aBLK | ||
| 041 |
_aBUL _cBUL |
||
| 072 | 7 |
_2bullib _aН86 _xДетска отраслова литература Н |
|
| 080 |
_aОснови на математиката в основното образование _b372.47 _x(02.053.2) _z372.47(02.053.2) |
||
| 080 |
_aИздания за деца и юноши. Книжки-картинки. Читанки. Вж и 372.4 _b087.5 _x _z087.5 |
||
| 700 | 1 |
_aИванова, Антоанета _eпрев. _9371796 |
|
| 139 |
_aСъбиране _bС 96 |
||
| 245 | 1 | 0 |
_aСъбиране _bИстория с колите ; Скоростно събиране ; Пъзел с числа _cпрев. Антоанета Иванова. |
| 257 | _aUSA | ||
| 260 |
_аСофия _bЕгмонт България _c2012 _fСофия : Ропринт |
||
| 300 |
_a79 с. _bс цв. ил., 2 л. цв. лепенки _c30 см |
||
| 380 | _aDN | ||
| 490 | 1 | _aDisney Любознание | |
| 490 | 1 |
_3Подсерия _aВече знам : 6-7 години. Математика |
|
| 500 | _aИзд. на Disney. - Ориг. загл. Let's Learn Addition. | ||
| 650 | 4 |
_aМатематика - в началното училище - учебни помагала _9269849 |
|
| 653 | _aматематика | ||
| 653 | _aкниги-игри | ||
| 653 | _aлитература за деца | ||
| 653 | _aдетска литература | ||
| 659 | _aН | ||
| 852 | _aЦб ІІ 19506 | ||
| 856 | 4 |
_qpdf _u |
|
| 856 | 4 |
_qpdf _u |
|
| 942 |
_cKNG _n0 _02 |
||
| 944 |
_aCR _c23.10.2013 _lф / _kГеновева_Генчева |
||
| 944 |
_aED _c29.02.2016 _lф / _kЛюдмила_Стоянова |
||
| 999 |
_c146123 _d146123 |
||